Every NFL Team's 10 Best Madden Players - Statistics

General Stats
  • This quiz has been taken 208 times
  • The average score is 44 of 320
Answer Stats
Team Year Player % Correct
SF 98 Nick Bosa
84%
SF 98 Trent Williams
84%
DEN 80 Javonte Williams
82%
LAC 87 Joey Bosa
82%
LAC 87 Mike Williams
82%
SF 98 Christian McCaffrey
81%
SF 88 Deebo Samuel
78%
SF 96 Fred Warner
71%
JAX 91 Josh Allen
71%
BUF 92 Josh Allen
71%
LAC 86 Justin Herbert
70%
LAC 91 Keenan Allen
70%
SF 90 Brandon Aiyuk
68%
SF 97 George Kittle
65%
KC 99 Patrick Mahomes
62%
KC 95 Chris Jones
61%
GB 89 Aaron Jones
60%
BAL 97 Lamar Jackson
60%
KC 99 Travis Kelce
60%
PHI 88 DeVonta Smith
59%
LAR 99 Aaron Donald
55%
DET 92 Amon-Ra St. Brown
53%
NYG 92 Saquon Barkley
53%
LAR 88 Cooper Kupp
52%
CIN 93 Ja'Marr Chase
52%
PHI 95 A.J. Brown
50%
CIN 93 Joe Burrow
50%
LAR 82 Matthew Stafford
49%
NYJ 85 Garrett Wilson
48%
BUF 95 Stefon Diggs
43%
MIA 99 Tyreek Hill
43%
CHI 89 D.J. Moore
42%
DAL 89 Trevon Diggs
42%
NYJ 83 Aaron Rodgers
41%
LAC 90 Khalil Mack
37%
PIT 97 T.J. Watt
37%
MIN 99 Justin Jefferson
36%
DAL 90 Dak Prescott
35%
NYJ 96 Sauce Gardner
35%
TEN 94 Derrick Henry
34%
DAL 96 CeeDee Lamb
33%
PHI 87 Jalen Hurts
33%
LAR 84 Puka Nacua
33%
DET 81 Jared Goff
32%
LV 94 Davante Adams
31%
SEA 86 DK Metcalf
31%
IND 87 Jonathan Taylor
31%
DAL 97 Micah Parsons
31%
CLE 98 Myles Garrett
31%
MIA 88 Tua Tagovailoa
31%
PHI 92 Jason Kelce
30%
BAL 94 Mark Andrews
30%
HOU 81 C.J. Stroud
29%
SEA 84 Jamal Adams
29%
LAR 84 Kyren Williams
29%
TB 91 Mike Evans
27%
CLE 90 Amari Cooper
26%
MIA 87 Jaylen Waddle
25%
CIN 91 Joe Mixon
25%
SEA 88 Bobby Wagner
24%
TEN 89 DeAndre Hopkins
24%
NO 92 Demario Davis
24%
LAC 91 Derwin James
24%
MIA 97 Jalen Ramsey
24%
GB 82 Jordan Love
24%
CLE 96 Nick Chubb
24%
MIN 84 Kirk Cousins
23%
BUF 90 Tre'Davious White
23%
DEN 84 Courtland Sutton
21%
DET 84 David Montgomery
21%
DET 83 Jahmyr Gibbs
21%
JAX 84 Calvin Ridley
20%
TB 85 Chris Godwin
20%
NYG 95 Dexter Lawrence
20%
PIT 83 Najee Harris
20%
NO 86 Alvin Kamara
19%
BAL 89 Justin Tucker
19%
DEN 95 Patrick Surtain
19%
BUF 88 Von Miller
19%
DET 88 Aidan Hutchinson
18%
LV 90 Josh Jacobs
18%
HOU 83 Nico Collins
18%
IND 90 Quenton Nelson
18%
NO 87 Cameron Jordan
17%
PIT 83 George Pickens
17%
DEN 81 Jerry Jeudy
17%
TB 90 LaVonte David
17%
MIN 90 T.J. Hockenson
17%
CAR 83 Adam Thielen
16%
LV 97 Maxx Crosby
16%
WAS 89 Terry McLaurin
16%
NYG 85 Darren Waller
14%
DET 93 Penei Sewell
14%
ATL 82 Bijan Robinson
13%
PHI 96 Lane Johnson
13%
BAL 95 Roquan Smith
12%
DAL 98 Zack Martin
12%
KC 90 Creed Humphrey
11%
JAX 88 Travis Etienne
11%
PIT 91 Cameron Heyward
10%
JAX 85 Christian Kirk
10%
DAL 88 DaRon Bland
10%
GB 83 De'Vondre Campbell
10%
GB 92 Jaire Alexander
10%
IND 86 Michael Pittman
10%
MIA 85 Raheem Mostert
10%
DAL 88 Stephon Gilmore
10%
CIN 85 Tee Higgins
10%
KC 86 Trent McDuffie
10%
SEA 87 Tyler Lockett
10%
NO 86 Chris Olave
9%
PHI 91 Darius Slay
9%
ATL 82 Drake London
9%
ARI 83 James Conner
9%
NE 89 Matthew Judon
9%
NYJ 84 Breece Hall
8%
ARI 90 Budda Baker
8%
SF 90 Charvarius Ward
8%
DET 91 Frank Ragnow
8%
KC 86 L'Jarius Sneed
8%
NYJ 94 Quinnen Williams
8%
NYG 89 Andrew Thomas
7%
IND 86 DeForest Buckner
7%
DAL 92 DeMarcus Lawrence
7%
JAX 88 Evan Engram
7%
MIN 87 Harrison Smith
7%
KC 92 Joe Thuney
7%
BUF 87 Jordan Poyer
7%
SEA 87 Kenneth Walker
7%
ATL 84 Kyle Pitts
7%
BAL 91 Marlon Humphrey
7%
BUF 88 Micah Hyde
7%
PIT 93 Minkah Fitzpatrick
7%
GB 85 Rashan Gary
7%
NE 81 Rhamondre Stevenson
7%
SF 90 Talanoa Hufanga
7%
CIN 89 Trey Hendrickson
7%
NO 91 Tyrann Mathieu
7%
MIA 86 Xavien Howard
7%
CAR 86 Brian Burns
6%
DET 85 C.J. Gardner-Johnson
6%
NE 86 Jabrill Peppers
6%
CHI 88 Jaylon Johnson
6%
MIN 82 Jordan Addison
6%
HOU 94 Laremy Tunsil
6%
DAL 95 Tyron Smith
6%
TB 90 Vita Vea
6%
ATL 89 A.J. Terrell
5%
LAC 84 Asante Samuel Jr.
5%
WAS 80 Brian Robinson
5%
CHI 82 Cole Kmet
5%
HOU 84 Dalton Schultz
5%
MIN 89 Danielle Hunter
5%
GB 90 David Bakhtiari
5%
CLE 90 Denzel Ward
5%
HOU 81 Devin Singletary
5%
GB 88 Elgton Jenkins
5%
LV 82 Jakobi Meyers
5%
ATL 97 Jessie Bates III
5%
CLE 89 Joel Bitonio
5%
WAS 89 Jonathan Allen
5%
DEN 90 Justin Simmons
5%
NYG 79 Kayvon Thibodeaux
5%
GB 84 Kenny Clark
5%
BAL 87 Kyle Hamilton
5%
SF 88 Kyle Juszczyk
5%
ARI 81 Marquise Brown
5%
NO 91 Marshon Lattimore
5%
NYJ 83 Quincy Williams
5%
LAC 89 Rashawn Slater
5%
SEA 86 Tariq Woolen
5%
DET 85 Taylor Decker
5%
MIA 93 Terron Armstead
5%
DAL 88 Tony Pollard
5%
TB 94 Tristan Wirfs
5%
LAR 81 Tyler Higbee
5%
NYG 85 Xavier McKinney
5%
ATL 92 Chris Lindstrom
4%
NYJ 88 C.J. Mosley
4%
WAS 80 Curtis Samuel
4%
PHI 86 Dallas Goedert
4%
WAS 83 Da'Ron Payne
4%
CLE 89 David Njoku
4%
SEA 84 Devon Witherspoon
4%
PHI 86 Haason Reddick
4%
KC 86 Isiah Pacheco
4%
PHI 88 Jordan Mailata
4%
PHI 90 Kevin Byard
4%
ARI 78 Matt Prater
4%
CHI 84 Montez Sweat
4%
BAL 87 Ronnie Stanley
4%
NO 89 Ryan Ramczyk
4%
CHI 85 Tremaine Edmunds
4%
NYG 78 Adoree' Jackson
3%
TB 92 Antoine Winfield Jr.
3%
JAX 85 Brandon Scherff
3%
ATL 82 Calais Campbell
3%
PIT 81 Chris Boswell
3%
MIN 90 Christian Darrisaw
3%
NE 80 Christian Gonzalez
3%
LV 79 Daniel Carlson
3%
NYG 78 Darius Slayton
3%
HOU 87 Derek Stingley
3%
CAR 89 Derrick Brown
3%
TB 82 Devin White
3%
PIT 83 Diontae Johnson
3%
NYJ 84 D.J. Reed
3%
CHI 82 Eddie Jackson
3%
LAC 83 Gerald Everett
3%
NYG 79 Graham Gano
3%
CAR 85 Jaycee Horn
3%
TEN 87 Jeffery Simmons
3%
HOU 84 Jimmie Ward
3%
NE 85 Jonathan Jones
3%
IND 79 Josh Downs
3%
SEA 83 Julian Love
3%
BAL 86 Justin Madubuike
3%
NE 83 Kyle Dugger
3%
SEA 82 Leonard Williams
3%
CIN 83 Logan Wilson
3%
BUF 87 Matt Milano
3%
DEN 80 Mike McGlinchey
3%
KC 86 Nick Bolton
3%
TEN 80 Nick Folk
3%
SEA 83 Quandre Diggs
3%
GB 80 Quay Walker
3%
LAR 83 Rob Havenstein
3%
ARI 79 Rondale Moore
3%
NE 88 Trent Brown
3%
ARI 80 Trey McBride
3%
KC 89 Trey Smith
3%
CLE 86 Wyatt Teller
3%
LV 85 A.J. Cole
2%
PIT 88 Alex Highsmith
2%
NYG 86 Bobby Okereke
2%
MIN 79 Byron Murphy
2%
NO 84 Erik McCoy
2%
LAR 81 Ernest Jones
2%
JAX 89 Foyesade Oluokun
2%
ATL 84 Grady Jarrett
2%
CAR 80 Ikem Ekwonu
2%
ATL 84 Jake Matthews
2%
CHI 82 Jaquan Brisker
2%
NE 82 Ja'Whaun Bentley
2%
WAS 87 Kendall Fuller
2%
BAL 86 Kevin Zeitler
2%
BAL 86 Marcus Williams
2%
CIN 80 Mike Hilton
2%
NE 82 Mike Onwenu
2%
NO 82 Paulson Adebo
2%
TB 87 Ryan Jensen
2%
HOU 83 Shaq Mason
2%
CHI 83 T.J. Edwards
2%
DEN 78 Alex Singleton
1%
NYJ 80 Alijah Vera-Tucker
1%
TEN 79 Amani Hooker
1%
JAX 81 Andre Cisco
1%
LV 79 Andre James
1%
MIA 84 Andrew Van Ginkel
1%
IND 82 Bernhard Raimann
1%
ARI 77 Blake Gilliken
1%
IND 85 Braden Smith
1%
DET 83 Brian Branch
1%
MIN 86 Brian O'Neill
1%
TB 83 Carlton Davis III
1%
WAS 80 Charles Leno
1%
CIN 85 Chidobe Awuzie
1%
MIA 86 Christian Wilkins
1%
PIT 82 Cole Holcomb
1%
LAC 87 Corey Linsley
1%
JAX 85 Darious Williams
1%
WAS 80 Darrick Forrest
1%
ATL 81 David Onyemata
1%
TEN 79 Denico Autry
1%
ARI 79 D.J. Humphries
1%
CIN 87 D.J. Reader
1%
CAR 79 Donte Jackson
1%
CAR 81 Frankie Luvu
1%
DEN 83 Garett Bolles
1%
CIN 80 Germaine Pratt
1%
CLE 85 Greg Newsome II
1%
BUF 85 Gregory Rousseau
1%
IND 85 Grover Stewart
1%
NE 82 Jahlani Tavai
1%
ARI 82 Jalen Thompson
1%
TB 85 Jamel Dean
1%
MIA 88 Jevon Holland
1%
MIN 80 Jordan Hicks
1%
DEN 79 Josey Jewell
1%
WAS 82 Kamren Curl
1%
IND 86 Kenny Moore II
1%
LAR 80 Kevin Dotson
1%
LAR 79 Kobie Turner
1%
LV 86 Kolton Miller
1%
CHI 79 Kyler Gordon
1%
NO 82 Marcus Maye
1%
LV 81 Nate Hobbs
1%
PIT 83 Pat Freiermuth
1%
DEN 82 Quinn Meinerz
1%
BUF 85 Rasul Douglas
1%
TEN 80 Roger McCreary
1%
IND 82 Ryan Kelly
1%
TEN 82 Ryan Stonehouse
1%
WAS 85 Sam Cosmi
1%
TEN 80 Sean Murphy-Bunting
1%
CAR 84 Shaq Thompson
1%
HOU 84 Steven Nelson
1%
BUF 86 Taron Johnson
1%
CAR 83 Taylor Moton
1%
CHI 80 Teven Jenkins
1%
NYJ 81 Thomas Morstead
1%
LV 80 Tre'Von Moehrig
1%
TEN 79 Tyjae Spears
1%
JAX 83 Tyson Campbell
1%
HOU 83 Will Anderson Jr.
1%
ARI 79 Will Hernandez
1%
CAR 82 Xavier Woods
1%
GB 80 Zach Tom
1%
CLE 83 Za'Darius Smith
1%
CLE 85 Jeremiah Owusu-Koromoah
0%
No matching quizzes found
Score Distribution
Percent of People with Each Score
Percentile by Number Answered
Your Score History
You have not taken this quiz